Microelectronic circuits /(Include CD) (Record no. 188405)
[ view plain ]
| 000 -LEADER | |
|---|---|
| fixed length control field | 01265 a2200289 4500 |
| 003 - CONTROL NUMBER IDENTIFIER | |
| control field | Nust |
| 005 - DATE AND TIME OF LATEST TRANSACTION | |
| control field | 20221215104645.0 |
| 010 ## - LIBRARY OF CONGRESS CONTROL NUMBER | |
| LC control number | 2003066178 |
| 020 ## - INTERNATIONAL STANDARD BOOK NUMBER | |
| International Standard Book Number | 9780195339901 |
| 040 ## - CATALOGING SOURCE | |
| Transcribing agency | Nust |
| 082 00 - DEWEY DECIMAL CLASSIFICATION NUMBER | |
| Classification number | 621.381,SED |
| 100 1# - MAIN ENTRY--PERSONAL NAME | |
| Personal name | Sedra, Adel S. |
| 245 10 - TITLE STATEMENT | |
| Title | Microelectronic circuits /(Include CD) |
| Statement of responsibility, etc. | Adel S. Sedra, Kenneth C. Smith. |
| 250 ## - EDITION STATEMENT | |
| Edition statement | 5th ed. |
| 260 ## - PUBLICATION, DISTRIBUTION, ETC. | |
| Place of publication, distribution, etc. | New York : |
| Name of publisher, distributor, etc. | Oxford University Press, |
| Date of publication, distribution, etc. | 2004. |
| 300 ## - PHYSICAL DESCRIPTION | |
| Extent | 1237p (various pagings) : |
| Other physical details | ill. (some col.) ; |
| Dimensions | 26 cm. + |
| Accompanying material | 1 CD-ROM (4 3/4 in.) |
| 440 #4 - SERIES STATEMENT/ADDED ENTRY--TITLE | |
| Title | The Oxford series in electrical and computer engineering |
| 9 (RLIN) | 97944 |
| 505 ## - FORMATTED CONTENTS NOTE | |
| Formatted contents note | Part.1 Devices and Basic Circuits (Page-1), Part. II Analog and Digital Integrated Circuits (Page-542), Part. III Selected Topics (Page-1010). |
| 650 #0 - SUBJECT ADDED ENTRY--TOPICAL TERM | |
| Topical term or geographic name entry element | Electronic circuits. |
| 650 #0 - SUBJECT ADDED ENTRY--TOPICAL TERM | |
| Topical term or geographic name entry element | Integrated circuits. |
| 651 ## - SUBJECT ADDED ENTRY--GEOGRAPHIC NAME | |
| Geographic name | (Include CD) |
| 9 (RLIN) | 8953 |
| 700 1# - ADDED ENTRY--PERSONAL NAME | |
| Personal name | Smith, Kenneth Carless. |
| 9 (RLIN) | 103364 |
| 856 42 - ELECTRONIC LOCATION AND ACCESS | |
| Materials specified | Contributor biographical information |
| Uniform Resource Identifier | <a href="http://www.loc.gov/catdir/enhancements/fy0723/2003066178-b.html">http://www.loc.gov/catdir/enhancements/fy0723/2003066178-b.html</a> |
| 856 42 - ELECTRONIC LOCATION AND ACCESS | |
| Materials specified | Publisher description |
| Uniform Resource Identifier | <a href="http://www.loc.gov/catdir/enhancements/fy0615/2003066178-d.html">http://www.loc.gov/catdir/enhancements/fy0615/2003066178-d.html</a> |
| 856 42 - ELECTRONIC LOCATION AND ACCESS | |
| Materials specified | Table of contents only |
| Uniform Resource Identifier | <a href="http://www.loc.gov/catdir/enhancements/fy0636/2003066178-t.html">http://www.loc.gov/catdir/enhancements/fy0636/2003066178-t.html</a> |
| 942 ## - ADDED ENTRY ELEMENTS (KOHA) | |
| Source of classification or shelving scheme | |
| Koha item type | Book |
| Withdrawn status | Lost status | Source of classification or shelving scheme | Damaged status | Not for loan | Collection code | Permanent Location | Current Location | Date acquired | Total Checkouts | Full call number | Barcode | Date last seen | Price effective from | Koha item type | Shelving location | Date last checked out | Public note | Checked out |
|---|---|---|---|---|---|---|---|---|---|---|---|---|---|---|---|---|---|---|
| Military College of Signals (MCS) | Military College of Signals (MCS) | 12/12/2016 | 621.381 SED | MCS34715 | 12/08/2016 | 12/12/2016 | Book | |||||||||||
| Military College of Signals (MCS) | Military College of Signals (MCS) | 12/12/2016 | 14 | 621.381,SED | MCS34716 | 05/11/2026 | 12/12/2016 | Book | General Stacks | 05/05/2026 | Almirah No.31, Shelf No.4 | |||||||
| Military College of Signals (MCS) | Military College of Signals (MCS) | 12/12/2016 | 621.381 SED | MCS36454 | 12/08/2016 | 12/12/2016 | Book | |||||||||||
| Military College of Signals (MCS) | Military College of Signals (MCS) | 10/26/2022 | 11 | 621.381,SED | MCS30745 | 01/22/2026 | 10/26/2022 | Book | General Stacks | 01/22/2026 | Almirah No.31, Shelf No.4 | 02/21/2026 |
